Countries of the World - No Consonants - Statistics

General Stats
  • This quiz has been taken 15 times
  • The average score is 8 of 16
Answer Stats
Hint Answer % Correct
_E_E_UE_A Venezuela
93%
_O_A_ _I_UE Mozambique
86%
_UA_E_A_A Guatemala
79%
_IE_ _ _E_ _ _EI_ Liechtenstein
71%
_O_ _ _ _O_EA North Korea
71%
_O_ _ _ _A_E_O_IA North Macedonia
71%
_OU_ _ _U_A_ South Sudan
64%
_O_ _E_E_ _O Montenegro
57%
_A_A_UA_ Paraguay
50%
_AU_IA_A_IA Saudi Arabia
50%
_U_ _ _E_I_ _ A_ Turkmenistan
43%
_O_I_I_A_ _E_U_ _I_ Dominican Republic
29%
_O_O_O_I_ _A_ _ _ Solomon Islands
29%
_A_A_ _ _ _A_ Kazakhstan
21%
_A_ _O_IA Cambodia
14%
_I_ _A_ _E Zimbabwe
7%
No matching quizzes found
Score Distribution
Percent of People with Each Score
Percentile by Number Answered
Your Score History
You have not taken this quiz